00000000cam 2200000zi 4500
0019.957884
003CaOODSP
00520251208105831
006m     o  d f      
007cr |n|||||||||
008251202t20032003oncda   obi  f|0| 0 eng d
020 |z0662340590
040 |aCaOODSP|beng|erda|cCaOODSP
043 |an-cn---
0861 |aNM95-59/9-2003E-PDF|zNM95-59/9-2003E
1001 |aTétreault, Jean, |d1963- |eauthor.
24510|aAirborne pollutants in museums, galleries, and archives : |brisk assessment, control strategies, and preservation management / |cby Jean Tétreault.
264 1|aOttawa : |bCanadian Conservation Institute = Institut canadien de conservation, |c2003.
264 4|c©2003
300 |a1 online resource (168 pages) : |bcharts, illustrations
336 |atext|btxt|2rdacontent
337 |acomputer|bc|2rdamedia
338 |aonline resource|bcr|2rdacarrier
500 |aIssued also in French under title: Polluants dans les musees et les archives, evaluation des risques, strategies de controle et gestion de la preservation.
504 |aIncludes bibliographical references and index.
520 |a"The goals of this book are to: define key airborne pollutants for indoor museum environments; supply tools based on the exposure-effect relationship to assess the risk to collections exposed to pollutants; establish guidelines for control strategies that give flexible, pragmatic solutions; offer guidelines for assessing the degree of protection of collections; provide a basic tool for cost-benefit analysis that fulfils the principles and the policy of the museum; propose an investigative approach for evaluating the degree of preservation of collections in terms of the aggressiveness of pollutants and for identifying causes of damage"--Preface, page 1.
650 0|aMuseums|xClimatic factors|zCanada.
650 0|aMuseum conservation methods|zCanada.
650 0|aLibrary materials|xConservation and restoration|zCanada.
650 0|aArchival materials|xConservation and restoration|zCanada.
650 0|aIndoor air pollution|zCanada|xMeasurement.
7102 |aCanadian Conservation Institute, |eissuing body.
77508|tPolluants dans les musées et les archives : |w(CaOODSP)9.957888
85640|qPDF|s28.90 MB|uhttps://publications.gc.ca/collections/collection_2025/pch/NM95-59-9-2003-eng.pdf